Statistics for Every Johnny Horton song that hit the Billboard hot 100

Click here to take the quiz!

General Stats

  • This quiz has been taken 3 times
  • The average score is 2 of 8

Answer Stats

Peak Chart PositionYearSong% Correct
41960North To Alaska
67%
541959Johnny Reb
67%
11959The Battle Of New Orleans
33%
31960Sink The Bismark
33%
961962Honky-Tonk Man
33%
541961Sleepy-Eyed John
0%
691960Johnny Freedom
0%
811959Sal's Got A Sugar Lip
0%

Score Distribution

Percentile by Number Answered

Percent of People with Each Score

Your Score History

You have not taken this quiz